|
|
|
|
| LEADER |
01245cam a2200337Ia 4500 |
| 001 |
9780203016176 |
| 003 |
FlBoTFG |
| 005 |
20091230162920.0 |
| 006 |
a|||||s||||||||||| |
| 007 |
cr|||| |
| 008 |
980910s1999 enka sb 001 0 eng d |
| 020 |
|
|
|a 9780203016176 (e-book : PDF)
|
| 040 |
|
|
|a FlBoTFG
|c FlBoTFG
|d GrThAP
|
| 043 |
|
|
|a ff-----
|a e------
|a aw-----
|
| 090 |
|
|
|a DG78
|b .C585 1999
|
| 092 |
|
|
|a 937
|b C758
|
| 245 |
0 |
0 |
|a Constructing identities in late antiquity
|h [electronic resource] /
|c edited by Richard Miles.
|
| 260 |
|
|
|a London ;
|a New York :
|b Routledge,
|c 1999.
|
| 300 |
|
|
|a ix, 262 p. :
|b ill.
|
| 504 |
|
|
|a Includes bibliographical references and index.
|
| 530 |
|
|
|a Also available in print edition.
|b CRC Press (http://www.crcpress.com)
|
| 538 |
|
|
|a Mode of access: World Wide Web.
|
| 650 |
|
0 |
|a Civilization, Classical.
|
| 650 |
|
0 |
|a Identity (Philosophical concept) in literature.
|
| 650 |
|
0 |
|a Christianity
|z Rome
|x Influence.
|
| 651 |
|
0 |
|a Rome
|x Cultural policy.
|
| 651 |
|
0 |
|a Rome
|x History
|y Germanic Invasions, 3rd-6th centuries.
|
| 655 |
|
7 |
|a Electronic books.
|2 lcsh
|
| 700 |
1 |
|
|a Miles, Richard,
|d 1969-
|
| 776 |
1 |
|
|z 9780415194068
|
| 856 |
4 |
0 |
|u http://www.tandfebooks.com/isbn/9780203016176
|z Full Text via HEAL-Link
|